| 000 | 00372nam a2200133Ia 4500 | ||
|---|---|---|---|
| 008 | 210430s9999 xx 000 0 und d | ||
| 020 | _a934-934 | ||
| 082 | _a683.406 D245 A | ||
| 100 | _aDr N Davies | ||
| 245 |
_aAmmunition Technology: Delivery Systems V-3 / _cDr N Davies |
||
| 260 |
_aRoyal Military College _bDr N Davies _c2001 |
||
| 300 | _a13-12 | ||
| 942 |
_cBK _2ddc |
||
| 999 |
_c562073 _d562073 |
||